Electronic circuits and applications (Record no. 4503)
[ view plain ]
| 000 -LEADER | |
|---|---|
| fixed length control field | 00728nac a22001931u 4500 |
| 010 ## - LIBRARY OF CONGRESS CONTROL NUMBER | |
| LC control number | 74007404 |
| 020 ## - INTERNATIONAL STANDARD BOOK NUMBER | |
| International Standard Book Number | 0471776300 |
| 082 00 - DEWEY DECIMAL CLASSIFICATION NUMBER | |
| Classification number | 621.381 |
| Item number | S4788 |
| 090 ## - LOCALLY ASSIGNED LC-TYPE CALL NUMBER (OCLC); LOCAL CALL NUMBER (OCLC) | |
| -- | 4503 |
| -- | 4503 |
| 100 ## - MAIN ENTRY--PERSONAL NAME | |
| Personal name | Senturia, Stephen D., |
| 245 10 - TITLE STATEMENT | |
| Title | Electronic circuits and applications |
| Statement of responsibility, etc | [by] Stephen D. Senturia [and] Bruce D. Wedlock. |
| 260 ## - PUBLICATION, DISTRIBUTION, ETC. (IMPRINT) | |
| Place of publication, distribution, etc | New York, |
| Name of publisher, distributor, etc | Wiley,[1974, c1975] |
| Date of publication, distribution, etc | [1974, c1975] |
| 300 ## - PHYSICAL DESCRIPTION | |
| Extent | xi, 623 p. |
| Other physical details | illus. |
| Dimensions | 24 cm. |
| 650 #0 - SUBJECT ADDED ENTRY--TOPICAL TERM | |
| Topical term or geographic name as entry element | Electronics. |
| 650 #0 - SUBJECT ADDED ENTRY--TOPICAL TERM | |
| Topical term or geographic name as entry element | Integrated circuits. |
| 700 1# - ADDED ENTRY--PERSONAL NAME | |
| Personal name | Wedlock, Bruce D., |
| Dates associated with a name | 1934- |
| 942 ## - ADDED ENTRY ELEMENTS (KOHA) | |
| Item type | Book - Borrowing |
| Call number prefix | 621.381S4788 |
| Withdrawn status | Item status | Damaged status | Not for loan | Home library | Current library | Shelving location | Date acquired | Source of acquisition | Total Checkouts | Total Renewals | Full call number | Barcode | Date last seen | Date last borrowed | Koha item type |
|---|---|---|---|---|---|---|---|---|---|---|---|---|---|---|---|
| Central Library | Central Library | First floor | 09/09/2007 | Purchase | 1 | 2 | 621.381 SEN | 000000189 | 15/07/2025 | 25/10/2010 | Book - Borrowing |